| 000 | 00451 a2200109 4500 | ||
|---|---|---|---|
| 001 | ART_62280 | ||
| 005 | 20260410161612.0 | ||
| 008 | 260409a | ||
| 245 | 1 | 0 | _aAlgunas diferencias y similitudes entre la Norma Unificada Argentina de Contabilidad (NUA) y las Normas Internacionales de Información Financiera (NIIF). |
| 100 | 1 | _aZgaib, Alfredo O. | |
| 773 | 0 |
_tProfesional & Empresaria _g- Año XXVI, Nº 301 (ene./feb. 2025) _wREV70 |
|
| 999 |
_c10688 _d10688 |
||